Stati per forma di governo - Repubbliche semipresidenziali - Statistics

Statistiche generali
  • Questo quiz è stato fatto 33 volte
  • Il punteggio medio è 16 su 27
Statistiche sulle risposte
Continente Stato % Corretto
Asia / Europa Russia
100%
Europa Francia
96%
Europa Portogallo
81%
Europa Romania
81%
Europa Polonia
77%
Africa Algeria
73%
Asia / Europa Azerbaigian
73%
Europa Lituania
73%
Africa Repubblica del Congo
65%
Africa Repubblica Democratica del Congo
65%
Europa Ucraina
62%
Africa Mozambico
58%
Africa Egitto
54%
Asia Mongolia
54%
Asia Siria
54%
Africa Guinea-Bissau
50%
America del Nord Haiti
50%
Africa Niger
50%
Africa Mali
46%
Africa Namibia
46%
Asia Sri Lanka
42%
Africa Burkina Faso
38%
Africa Mauritania
38%
Africa São Tomé e Príncipe
38%
Asia Timor Est
35%
Africa Madagascar
31%
Asia Taiwan
31%
Nessun quiz corrispondente trovato
Distribuzione punteggi
Percentuale di utenti per punteggio
Percentile per numero di risposta
I tuoi punteggi nel tempo
Non hai fatto questo quiz